Declaración de Belén

Đã lưu trong:
Chi tiết về thư mục
Tác giả của công ty: Federación de Universidades Privadas de América Central y Panamá
Định dạng: Texto
Được phát hành: Antigua :
Các nhãn: Thêm thẻ
Không có thẻ, Là người đầu tiên thẻ bản ghi này!

MARC

LEADER 00000 a a2200000 04500
001 15927
003
040
090 |a 015200  
110 |a Federación de Universidades Privadas de América Central y Panamá  
245 |a Declaración de Belén  
260 |a Antigua :  
300 |a 8 p.  
999 |c 13339  |d 13339